<?xml version="1.0" encoding="UTF-8"?>
<record
    xmlns:xsi="http://www.w3.org/2001/XMLSchema-instance"
    xsi:schemaLocation="http://www.loc.gov/MARC21/slim http://www.loc.gov/standards/marcxml/schema/MARC21slim.xsd"
    xmlns="http://www.loc.gov/MARC21/slim">

  <leader>01656nam a2200253Ia 4500</leader>
  <controlfield tag="003">OSt</controlfield>
  <controlfield tag="005">20221215092451.0</controlfield>
  <controlfield tag="008">210310t2003    us o   gr     000 0 spa d</controlfield>
  <datafield tag="020" ind1=" " ind2=" ">
    <subfield code="a">0896297195</subfield>
  </datafield>
  <datafield tag="040" ind1=" " ind2=" ">
    <subfield code="a">CO-JMCR</subfield>
    <subfield code="c">CO-JMCR</subfield>
  </datafield>
  <datafield tag="041" ind1="1" ind2=" ">
    <subfield code="a">spa</subfield>
    <subfield code="h">eng</subfield>
  </datafield>
  <datafield tag="082" ind1="0" ind2="4">
    <subfield code="2">23</subfield>
    <subfield code="a">338.1 /</subfield>
    <subfield code="b">H687m</subfield>
  </datafield>
  <datafield tag="100" ind1="1" ind2=" ">
    <subfield code="a">Hoddinott, John, </subfield>
    <subfield code="e">editor</subfield>
    <subfield code="9">42549</subfield>
  </datafield>
  <datafield tag="245" ind1="1" ind2="0">
    <subfield code="a">M&#xE9;todos para proyectos de desarrollo rural / </subfield>
    <subfield code="c">editado por John Hoddinott ; traducido por Rafael Celis</subfield>
  </datafield>
  <datafield tag="260" ind1=" " ind2=" ">
    <subfield code="a">Washington : </subfield>
    <subfield code="b">Instituto Internacional de Investigaci&#xF3;n sobre Pol&#xED;ticas Alimentarias ; </subfield>
    <subfield code="c">2003</subfield>
  </datafield>
  <datafield tag="300" ind1=" " ind2=" ">
    <subfield code="a">vii, 118 p&#xE1;ginas : </subfield>
    <subfield code="b">fotograf&#xED;as a blanco y negro ; </subfield>
    <subfield code="c">22 x 26 cm</subfield>
  </datafield>
  <datafield tag="490" ind1="0" ind2=" ">
    <subfield code="a">Seguridad alimentaria en la pr&#xE1;ctica</subfield>
  </datafield>
  <datafield tag="504" ind1=" " ind2=" ">
    <subfield code="a">Bibliograf&#xED;a: p&#xE1;ginas 115-117</subfield>
  </datafield>
  <datafield tag="505" ind1="0" ind2=" ">
    <subfield code="a">Introducci&#xF3;n: John Hoddinott -- Midiendo las dimensiones nutricionales de la seguridad alimentaria del hogar: Saul S. Morris -- Escogiendo indicadores de resultado de la seguridad alimentaria del hogar: John Hoddinott -- T&#xE9;cnicas de evaluaci&#xF3;n r&#xE1;pida para la valoraci&#xF3;n, el dise&#xF1;o y la evaluaci&#xF3;n de intervenciones en seguridad alimentaria: Gilles Bergeron -- Construyendo muestras para caracterizar la seguridad alimentaria del hogar y para el seguimiento y evaluaci&#xF3;n de intervenciones en seguridad alimentaria: Calogero Carletto -- Focalizando: principios y pr&#xE1;ctica: John Hoddinott -- Dise&#xF1;ando m&#xE9;todos para el seguimiento y evaluaci&#xF3;n de intervenciones en seguridad alimentaria y nutrici&#xF3;n: Calogero Carletto y Saul S. Morris</subfield>
  </datafield>
  <datafield tag="546" ind1=" " ind2=" ">
    <subfield code="a">Traducido del ingl&#xE9;s</subfield>
  </datafield>
  <datafield tag="650" ind1="1" ind2="4">
    <subfield code="a">Seguridad alimentaria</subfield>
    <subfield code="9">24162</subfield>
  </datafield>
  <datafield tag="700" ind1="1" ind2=" ">
    <subfield code="a">Celis, Rafael, </subfield>
    <subfield code="e">traductor</subfield>
    <subfield code="9">42550</subfield>
  </datafield>
  <datafield tag="942" ind1=" " ind2=" ">
    <subfield code="2">ddc</subfield>
    <subfield code="c">BK</subfield>
  </datafield>
  <datafield tag="999" ind1=" " ind2=" ">
    <subfield code="c">10944</subfield>
    <subfield code="d">10944</subfield>
  </datafield>
  <datafield tag="952" ind1=" " ind2=" ">
    <subfield code="0">0</subfield>
    <subfield code="1">0</subfield>
    <subfield code="2">ddc</subfield>
    <subfield code="4">0</subfield>
    <subfield code="7">0</subfield>
    <subfield code="a">CPL</subfield>
    <subfield code="b">CPL</subfield>
    <subfield code="d">2021-03-10</subfield>
    <subfield code="o">338.1 / H687m</subfield>
    <subfield code="p">201811431</subfield>
    <subfield code="r">2024-05-16 00:00:00</subfield>
    <subfield code="t">Ej.1</subfield>
    <subfield code="w">2021-03-10</subfield>
    <subfield code="y">BK</subfield>
  </datafield>
</record>
